El orden conservador: la política argentina entre 1880 y 1916

Guardat en:
Dades bibliogràfiques
Autor principal: Botana, Natalio R (Autor)
Format: Llibre
Idioma:espanyol
Publicat: Buenos Aires Sudamericana 1985
Edició:2a. ed
Col·lecció:Colección Historia y sociedad
Matèries:
Etiquetes: Afegir etiqueta
Sense etiquetes, Sigues el primer a etiquetar aquest registre!

MARC

LEADER 00000nam a2200000 a 4500
001 UCX1490
003 CL-VaPUC
008 900903e19850000AG |||||||||||||||||spa|d
082 0 4 |a 982.05  |b BOT  |2 21 
100 0 |a Botana, Natalio R  |e author  |9 316992 
245 1 3 |a El orden conservador: la política argentina entre 1880 y 1916 
250 |a 2a. ed 
300 |a 345 p 
942 |c BK 
945 |d 19900903 00:00:00 
260 |a Buenos Aires  |b Sudamericana  |c 1985 
650 7 |a POLITICA Y GOBIERNO 1860-1910  |2 CL-VaPUC  |9 316473 
650 7 |a POLITICA Y GOBIERNO 1910-1943  |2 CL-VaPUC  |9 316474 
651 0 |a Argentina  |9 254888 
583 |a last modification  |c 19900903 00:00:00  |k Rodrigo Vera 
490 0 |a Colección Historia y sociedad 
999 |c 222709  |d 222707 
952 |0 0  |1 0  |4 0  |6 982_050000000000000_BOT_1985  |7 0  |8 A  |9 217839  |a BIBHIS  |b BIBHIS  |d 2019-11-15  |i 2866900  |o 982.05 BOT 1985  |p 2866900  |r 2025-01-20  |w 2019-11-15  |y BK  |k HIS